Central Library OPAC University of Rajshahi

A Hand Book of Research / (Record no. 1163)

MARC details
000 -LEADER
fixed length control field 00672nam a2200241 a 4500
001 - CONTROL NUMBER
control field 1163
003 - CONTROL NUMBER IDENTIFIER
rucl marc code BD-RjUL
005 - DATE AND TIME OF LATEST TRANSACTION
control field 20211208233302.0
008 - FIXED-LENGTH DATA ELEMENTS--GENERAL INFORMATION
fixed length control field 131124s2005 bg |||| |||| 001 0 eng d
020 ## - INTERNATIONAL STANDARD BOOK NUMBER
International Standard Book Number 9843225414
035 ## - SYSTEM CONTROL NUMBER
System control number (BD-RjUL)1185
040 ## - CATALOGING SOURCE
Original cataloging agency BD-RjUL
Language of cataloging eng
Transcribing agency BD-RjUL
041 ## - LANGUAGE CODE
Language code of text/sound track or separate title eng
082 04 - DEWEY DECIMAL CLASSIFICATION NUMBER
Edition number 21
Classification number 300.72
Author mark and year ABH 2005
100 1# - MAIN ENTRY--PERSONAL NAME
Personal name Abedin, M. Zainul
9 (RLIN) 3441
245 12 - TITLE STATEMENT
Title A Hand Book of Research /
Statement of responsibility, etc. M. Zainul Abedin
250 ## - EDITION STATEMENT
Edition statement 2nd. rev. ed.
260 ## - PUBLICATION, DISTRIBUTION, ETC. (IMPRINT)
Place of publication, distribution, etc. Dhaka :
Name of publisher, distributor, etc. Book Syndicate,
Date of publication, distribution, etc. 2005.
300 ## - PHYSICAL DESCRIPTION
Pagination 128 p. :
Illustrations ill. ;
Size 21 cm.
504 ## - BIBLIOGRAPHY, ETC. NOTE
Bibliography, etc Includes bibliography
650 #0 - SUBJECT ADDED ENTRY--TOPICAL TERM
Topical term or geographic name as entry element Social Science
Form subdivision Research Methodology
9 (RLIN) 112231
942 ## - ADDED ENTRY ELEMENTS (KOHA)
Source of classification or shelving scheme Dewey Decimal Classification
Koha item type Books
Holdings
Lost status Source of classification or shelving scheme Damaged status Not for loan Collection code Permanent Location Current Location Shelving location Date acquired Source of acquisition Cost, normal purchase price Total Checkouts Full call number Date last seen Date checked out Copy number Koha item type Total Renewals
  Dewey Decimal Classification     Non-fiction Central Library, University of Rajshahi Central Library, University of Rajshahi   19/12/2005 IBS, RU 150.00 6 300.72 ABH 2005 15/09/2024 29/05/2024 C-2 Books  
  Dewey Decimal Classification     Non-fiction Central Library, University of Rajshahi Central Library, University of Rajshahi   12/04/2008 Book Syndicate, Dhaka 150.00 2 300.72 ABH 2005 22/12/2018 11/12/2018 C-3 Books  
  Dewey Decimal Classification     Non-fiction Central Library, University of Rajshahi Central Library, University of Rajshahi   19/12/2005 IBS, RU 150.00 2 300.72 ABH 2005 26/11/2018 06/11/2018 C-4 Books  
  Dewey Decimal Classification     Non-fiction Central Library, University of Rajshahi Central Library, University of Rajshahi   19/12/2005 IBS, RU 150.00 2 300.72 ABH 2005 30/08/2022 22/08/2022 C-5 Books  
  Dewey Decimal Classification     Non-fiction Central Library, University of Rajshahi Central Library, University of Rajshahi   19/12/2005 IBS, RU 150.00 1 300.72 ABH 2005 25/09/2019 12/09/2019 C-6 Books  
  Dewey Decimal Classification   Not For Loan Non-fiction Central Library, University of Rajshahi Central Library, University of Rajshahi Reading Room 19/12/2005 Zeitlinger     300.72 ABH 2005 03/12/2016   C-1 Books